000 00687nam a22001577a 4500
003 OSt
005 20151002154953.0
008 151002b xxu||||| |||| 00| 0 eng d
040 _cRUA
082 _aAVM OUN 1995 B069 Or.1
100 _91794
_aOUNG CHAY
245 _aSurvey on the supervision of animal processing products aground phnom penh city, (ការអង្កេតស្ដីអំពីការត្រួតពិនិត្យផលតិកែច្នៃមានដើមកំណើតពីសត្វ នៅជុំវិញរាជធានីភ្នំពេញ)
260 _aphnom penh
_bRUA
_c1995
300 _a56p.
_bill.
_c29cm.
942 _2ddc
_cAVM
999 _c1695
_d1695